000 00884nam0a22002531 4500
001 rc\635577
005 20031121164537.9
035 _a(NLR Aleph) 005877466
090 _a6043048
_c6043048
100 _a20031121d1986 u |0rusy50 ca
101 0 _arus
102 _aRU
105 _aa |||||||||
200 1 _aМодели и алгоритмы АСУ
_e[Сб. ст.]
_fГосплан МССР, НИИ планир.
_g[Редкол.: П.С. Солтан (отв. ред.) и др.]
210 _aКишинев
_cШтиинца
_d1986
215 _a157, [1] с., [1] л. ил.
_d22
320 _aБиблиогр. в конце ст.
702 1 _aСолтан
_bП. С.
_gПетр Семенович
_4340
712 0 2 _aНИИ планирования
_cКишинев
801 0 _aRU
_bNLR
_gpsbo
801 1 _aRU
_bELAR
_2rusmarc
852 _aNLR
_j86-5/1418
942 _cBOOK
980 _aNB